| Tag |
First Indicator |
Second Indicator |
Subfields |
| LEADER |
00000cam a2200000Ia 4500 |
| 001 |
in00004506821 |
| 005 |
20191204153041.0 |
| 008 |
070306s2007 enka b 001 0 eng d |
| 020 |
|
|
|a 9781904392590
|
| 020 |
|
|
|a 1904392598
|
| 035 |
|
|
|a (OCoLC)ocn144216631
|
| 035 |
|
|
|a (OCoLC)144216631
|
| 035 |
|
|
|z (UtOrBLW)44488
|
| 035 |
|
|
|a 64495
|
| 040 |
|
|
|a BTCTA
|c BTCTA
|d BAKER
|d YDXCP
|d COU
|d VAM
|d CUS
|d TMV
|d UtOrBLW
|
| 049 |
|
|
|a TMVM
|c 1
|
| 060 |
|
4 |
|a WG 298
|b S244a 2007
|
| 100 |
1 |
|
|a Sarembock, Ian J.
|
| 245 |
1 |
0 |
|a Angina :
|b an atlas of investigation and management /
|c Ian J. Sarembock ; with contributions from Fadi M. El-Ahdab, David Isbell, Michael Ragosta.
|
| 246 |
3 |
0 |
|a Atlas of investigation and management
|
| 264 |
|
1 |
|a Oxford :
|b Clinical Publishing,
|c 2007.
|
| 300 |
|
|
|a viii, 104 pages :
|b illustrations (some color) ;
|c 32 cm.
|
| 336 |
|
|
|a text
|2 rdacontent
|b txt
|
| 337 |
|
|
|a unmediated
|2 rdamedia
|
| 338 |
|
|
|a volume
|2 rdacarrier
|b nc
|
| 504 |
|
|
|a Includes bibliographical references and index.
|
| 650 |
|
0 |
|a Angina pectoris.
|
| 650 |
|
2 |
|a Angina Pectoris
|x diagnosis.
|
| 650 |
|
2 |
|a Angina Pectoris
|x therapy.
|
| 650 |
|
2 |
|a Diagnostic Techniques, Cardiovascular.
|
| 655 |
|
2 |
|a Atlases.
|
| 700 |
1 |
|
|a El-Ahdab, Fadi M.
|
| 700 |
1 |
|
|a Isbell, David C.
|
| 700 |
1 |
|
|a Ragosta, Michael.
|
| 999 |
|
|
|a MARS
|
| 999 |
f |
f |
|s a96b0460-68f3-3e24-9484-a837a3be0b68
|i 5ca9e1ee-5f61-35ea-967f-cb98a36c4b5a
|t 0
|
| 952 |
f |
f |
|p ric
|a Texas A&M University
|b Rellis Campus
|c Joint Library Facility
|d Remote Storage
|t 0
|e WG 298 S244a 2007
|h National Library of Medicine classification
|i unmediated -- volume
|m 323890255792C
|
| 998 |
f |
f |
|a WG 298 S244a 2007
|t 0
|l Remote Storage
|